| 000 | 00457pab a2200169 454500 | ||
|---|---|---|---|
| 008 | 180718b2012 xxu||||| |||| 00| 0 eng d | ||
| 100 | _aDutta, Subrata | ||
| 245 | _aThe economics of government savings: An analysis of Indian state level fiscal restructuring | ||
| 260 | _c2012 | ||
| 300 | _ap.106-129. | ||
| 362 | _aApr-Jun | ||
| 650 | _aSavings - India | ||
| 650 | _aSavings | ||
| 773 | _aIndian Economic Journal | ||
| 908 | _aN | ||
| 909 | _a101458 | ||
| 999 |
_c101456 _d101456 |
||